000 00643nam a22002297a 4500
003 UA-OsUOA
001 96811
007 ta
008 20130322b un ||||| |||| 00| 0 ukr d
100 _aМиндлин Э.
090 _a821.161.1
_bМ61
942 _cBK
040 _aUA-OsUOA
_brus
_cUA-OsUOA
_dUA-OsUOA
245 _aНе дом, но мир
_bповестьоб Александре Коллонтай
300 _a398 с.
955 _a3
041 _arus
080 _a821.161.1
260 _aМ.
_bПолитиздат
_c1978
650 7 _a82 Література. Літературознавство
_2UDC
999 _c383061
_d383061